| 000 | 00913cab a2200277 4500 | ||
|---|---|---|---|
| 001 | ABS50958 | ||
| 008 | 090401t1994 xxu||||| |||| 00| 0 eng d | ||
| 035 | _a(Sirsi) u3043 | ||
| 041 | _aeng | ||
| 100 | _aStevenson, R. | ||
| 245 | _aJoint venture vehicles in property development | ||
| 260 | _c1994 | ||
| 350 | _a0 | ||
| 490 |
_aProperty Management _v12(2) 1994, 16-21(6) |
||
| 520 | _aExplains joint venture vehicles and their role in property development. The advantages and disadvantages of joint venture companies, partnership and limited partnership and the `contractual` joint venture are examined. | ||
| 650 | _aCONTRACTUAL JOINT VENTURES | ||
| 650 | _aJOINT VENTURE COMPANIES | ||
| 650 | _aJOINT VENTURES | ||
| 650 | _aPARTNERSHIPS | ||
| 690 | _aDEVELOPMENT | ||
| 690 |
_aProject management _96261 |
||
| 700 | _aPotts, K. | ||
| 700 | _aHoulton, L. | ||
| 942 | _n0 | ||
| 948 | _c04/03/1997 | ||
| 999 |
_c1837 _d1837 |
||